000 00541nam a2200169Ia 4500
008 110201s9999 xx 000 0 und d
082 _bB1894
_aKS 114
100 _aप्रभुदेसाई बाळकृष्ण
245 _aजहाज
260 _bमौज प्रकाशन गृह
365 _b15
600 _aप्रभुदेसाई बाळकृष्ण
630 _aजहाज
700 _aप्रभुदेसाई बाळकृष्ण
730 _aजहाज
942 _cBOOK
999 _c829021
_d829018